| 000 | 01122nam0a22002771 4500 | ||
|---|---|---|---|
| 001 | rc\3502064 | ||
| 005 | 20130115141930.3 | ||
| 021 |
_aRU _b[74-14754] |
||
| 035 | _a(NLR Aleph) 007653523 | ||
| 090 |
_a6254734 _c6254734 |
||
| 100 | _a20130115d1973 |||y0rusy50 ca | ||
| 101 | 0 | _arus | |
| 102 | _aRU | ||
| 105 | _aa z ||||| | ||
| 200 | 1 |
_aНестационарная теплопроводность _eУчеб. пособие _fМ-во высш. и сред. спец. образования СССР. Днепропетр. гос. ун-т им. 300-летия воссоединения Украины с Россией |
|
| 210 |
_aДнепропетровск _cБ. и. _d1973 |
||
| 215 |
_a214 с. _cчерт. _d20 |
||
| 320 | _aСписок лит.: с. 210-214 | ||
| 606 |
_aТеплопроводность нестационарная _2psbo |
||
| 700 | 1 |
_aБеляев _bН. М. _gНиколай Михайлович |
|
| 701 | 1 |
_aРядно _bА. А. _gАлександр Андреевич |
|
| 801 | 0 |
_aRU _bNLR _gpsbo |
|
| 801 | 1 |
_aRU _bELAR _2rusmarc |
|
| 852 |
_aNLR _j73-3/11002 |
||
| 942 | _cBOOK | ||
| 980 | _aNB | ||